000 00593nam a22001937a 4500
003 OSt
005 20260312053706.0
008 260312b |||||||| |||| 00| 0 eng d
020 _a13 : 978-0-393-92862-4.
040 _aDWCL Main lib
_cOC
082 _aCirc. 338.5 V311 2006
100 _aVarian, Hal R.
245 _aIntermediate microeconomics :
_ba modern approach
_cHal R. Varian
260 _aNew York :
_bW. W. Norton & Company,
_cc2006.
300 _aXXIV, 715, A39 p :
_bill. ;
_c23 cm.
504 _aIncludes index.
650 _aMicroeconomics.
942 _2ddc
_cBK-CIRC
_kCirc.
_n0
999 _c9027
_d9027